Catalog

Record Details

Catalog Search



Available copies

  • 1 of 1 copy available at LARL/NWRL Consortium. (Show)
  • 1 of 1 copy available at Lake Agassiz Regional Library.

Current holds

0 current holds with 1 total copy.

Show Only Available Copies
Location Call Number / Copy Notes Barcode Shelving Location Status Due Date
Fosston Public Library 921 MOR (Text) 33500011555729 Main Available -

Record details

  • ISBN: 9780451416377 (hardback)
  • ISBN: 0451416376 (hardback)
  • Physical Description: viii, 288 pages, [16] pages of plates : ... Read More
  • Publisher: New York : Celebra, 2013

Content descriptions

Summary, etc.:
"In this luminous memoir, Rita Moreno shares her ... Read More
Subject: Moreno, Rita.
Actresses > United States > Biography.
Actors > United States > Biography.
Women dancers > United States > Biography.
Dancers > United States > Biography.
Women singers > United States > Biography.
Singers > United States > Biography.
BIOGRAPHY & AUTOBIOGRAPHY > Entertainment & Performing Arts.
LDR 03473cam a2200469 i 4500
001150091
003LARL_NWRL_CONSORTIUM
00520130619092641.0
008121211t20132013nyuaf 000 0aeng
010 . ‡a2012046030
020 . ‡a9780451416377 (hardback)
020 . ‡a0451416376 (hardback)
035 . ‡a(OCoLC)795167331
040 . ‡aDLC ‡beng ‡erda ‡cDLC ‡dBTCTA ‡dOCLCO ‡dEYP ‡dIK2 ‡dYDXCP ‡dTXA ‡dCDX ‡dVP@ ‡dOCLCQ
042 . ‡apcc
043 . ‡an-us---
05000. ‡aPN2287.M6996 ‡bA3 2013
08200. ‡a791.43/028/092 ‡aB ‡223
084 . ‡aBIO005000 ‡2bisacsh
1001 . ‡aMoreno, Rita. ‡0(LARL_NWRL_CONSORTIUM)58209
24510. ‡aRita Moreno : ‡ba memoir / ‡cRita Moreno.
260 . ‡aNew York : ‡bCelebra, ‡c2013
260 . ‡c©2013
300 . ‡aviii, 288 pages, [16] pages of plates : ‡billustrations ; ‡c24 cm
336 . ‡atext ‡btxt ‡2rdacontent
337 . ‡aunmediated ‡bn ‡2rdamedia
338 . ‡avolume ‡bnc ‡2rdacarrier
520 . ‡a"In this luminous memoir, Rita Moreno shares her remarkable journey from impoverished Puerto Rican girl to Hollywood legend--and one of the few performers, and the only Hispanic, to win an Oscar, Grammy, Tony and two Emmys. Born Rosita Dolores Alverio in the idyll of Puerto Rico, Moreno, at age five, embarked on a harrowing sea voyage with her mother and wound up in the harsh barrios of the Bronx, where she discovered dancing, singing, and acting as ways to escape a tumultuous childhood. Making her Broadway debut by age thirteen--and moving on to Hollywood in its Golden Age just a few years later--she worked alongside such stars as Elizabeth Taylor, Clark Gable, and Lana Turner. Rita, who was made over as the "Latina Liz Taylor" by MGM head Louis B. Mayer, became an instant sensation. From dancing with Gene Kelly in Singin' in the Rain to her Oscar-winning performance in West Side Story, she catapulted to fame--yet found herself repeatedly typecast as a Latina spitfire, a role she found almost impossible to elude. Here, for the first time, Rita reflects on her struggles to break through Hollywood's racial and sexual barriers. She explores the wounded little girl behind the glamorous façade--and what it took to find her place in the world. She talks candidly about her relationships with Elvis Presley and Howard Hughes, and the passionate romance with Marlon Brando that drove her to attempt suicide in his bed. And she reveals the secrets behind her "perfect" marriage and the incomparable joys of motherhood. Infused with Rita Moreno's astounding wit and deep insight, this memoir is the dazzling portrait of a stage and screen star who longed to become who she really is--and triumphed"-- ‡cProvided by publisher.
60010. ‡aMoreno, Rita. ‡0(LARL_NWRL_CONSORTIUM)58209
650 0. ‡aActresses ‡zUnited States ‡vBiography. ‡0(LARL_NWRL_CONSORTIUM)168992
650 0. ‡aActors ‡zUnited States ‡vBiography. ‡0(LARL_NWRL_CONSORTIUM)163254
650 0. ‡aWomen dancers ‡zUnited States ‡vBiography.
650 0. ‡aDancers ‡zUnited States ‡vBiography. ‡0(LARL_NWRL_CONSORTIUM)164534
650 0. ‡aWomen singers ‡zUnited States ‡vBiography.
650 0. ‡aSingers ‡zUnited States ‡vBiography. ‡0(LARL_NWRL_CONSORTIUM)167408
650 7. ‡aBIOGRAPHY & AUTOBIOGRAPHY ‡xEntertainment & Performing Arts. ‡2bisacsh
948 . ‡hNO HOLDINGS IN LAL - 526 OTHER HOLDINGS
994 . ‡aZ0 ‡bLAL
901 . ‡a150091 ‡bOCLC ‡c150091 ‡tbiblio

Additional Resources